Govt. of
Madhya Pradesh

Psychology : The Study of Human Behaviour (Record no. 62197)

MARC details
000 -LEADER
fixed length control field 00384nam a22001457a 4500
003 - CONTROL NUMBER IDENTIFIER
control field MACL,
005 - DATE AND TIME OF LATEST TRANSACTION
control field 20200222164318.0
008 - FIXED-LENGTH DATA ELEMENTS--GENERAL INFORMATION
fixed length control field 200222b xxu||||| |||| 00| 0 eng d
040 ## - CATALOGING SOURCE
Transcribing agency MACL,
100 ## - MAIN ENTRY--PERSONAL NAME
Personal name Mishra, Braj Kumar
9 (RLIN) 78377
245 ## - TITLE STATEMENT
Title Psychology : The Study of Human Behaviour
260 ## - PUBLICATION, DISTRIBUTION, ETC. (IMPRINT)
Place of publication, distribution, etc. Delhi
Name of publisher, distributor, etc. PHI Learing
Date of publication, distribution, etc. 2018
650 ## - SUBJECT ADDED ENTRY--TOPICAL TERM
Topical term or geographic name as entry element Psychology
9 (RLIN) 78378
942 ## - ADDED ENTRY ELEMENTS (KOHA)
Source of classification or shelving scheme
Koha item type Books
Holdings
Withdrawn status Lost status Source of classification or shelving scheme Damaged status Not for loan Home library Current library Date acquired Cost, normal purchase price Total Checkouts Total Renewals Full call number Barcode Date last seen Date last checked out Price effective from Koha item type
          MACL MACL 22/02/2020 495.00 3 1 150/MIS CRE037272 02/05/2024 13/01/2024 22/02/2020 Books